Trastornos cerebrales orgánicos
Saved in:
| Main Authors: | , , |
|---|---|
| Format: | Bog |
| Sprog: | spansk |
| Udgivet: |
Vieweg
1988
|
| Fag: | |
| Tags: |
Tilføj Tag
Ingen Tags, Vær først til at tagge denne postø!
|
MARC
| LEADER | 00000cam a2200000 a 4500 | ||
|---|---|---|---|
| 001 | UCG7988 | ||
| 003 | CL-VaPUC | ||
| 008 | 111104e19880000GW |||||||||||||||||spa|d | ||
| 020 | |a 3528078065 | ||
| 082 | 0 | 4 | |a 616.89 |b TOL |2 21 |
| 100 | 0 | |a Toledano Gasca, Adolfo |e author |9 558483 | |
| 700 | 0 | |a Maurer, Konrad |e author |9 558484 | |
| 700 | 0 | |a Wurtman, Richard J |e author |9 558485 | |
| 245 | 1 | 0 | |a Trastornos cerebrales orgánicos |
| 300 | |a 179 p | ||
| 942 | |c BK | ||
| 945 | |d 20111104 00:00:00 |a dcastane | ||
| 260 | |b Vieweg |c 1988 | ||
| 650 | 0 | |a Neuropsicología |9 270837 | |
| 650 | 7 | |a ENFERMEDADES CEREBRALES |2 CL-VaPUC |9 326869 | |
| 650 | 0 | |a Trastornos mentales |9 307475 | |
| 583 | |a last modification |c 20111104 14:34:00 |k Rodrigo Vera | ||
| 999 | |c 345649 |d 345647 | ||
| 952 | |0 0 |1 0 |4 0 |6 616_890000000000000_TOL_1988 |7 0 |8 A |9 444617 |a BIBCUR |b BIBCUR |d 2019-11-22 |i 4793781 |o 616.89 TOL 1988 |p 4793781 |r 2025-04-22 |w 2019-11-22 |y BK |k BCB | ||